Countries by Population Quiz Stats

 Plays Quiz not verified by Sporcle

Score 0/10 Timer 10:00
0 Plays Today
Number of people as of 28/12/14 Country % Correct
1,397,863,797China
100%
1,275,014,881India
98.9%
323,842,160America
98.9%
142,287,054Russia
97.7%
202,865,194Brazil
96.6%
254,281,627Indonesia
93.2%
126,928,798Japan
92%
186,629,193Pakistan
89.8%
180,990,764Nigeria
87.5%
159,469,158Bangladesh
86.4%

You're not logged in!

Compare scores with friends on all Sporcle quizzes.
OR
Log In

Sporcle TV

Today on Sporcle TV


Watch our educational content, quiz creation guides, and fun videos on Sporcle TV.

Show Comments

Extras

Top Quizzes Today


Score Distribution

Your Account Isn't Verified!

In order to create a playlist on Sporcle, you need to verify the email address you used during registration. Go to your Sporcle Settings to finish the process.

Report this User

Report this user for behavior that violates our Community Guidelines.

Details: